Guess the Twenty One Pilots song title by the image (HARD) - Statistics

General Stats
  • This quiz has been taken 920 times
  • The average score is 13 of 20
Answer Stats
Picture Answer % Correct
Car Radio
97%
The Judge
97%
Pet Cheetah
94%
Forest
86%
Migraine
85%
Taxi Cab
85%
Tear in My Heart
85%
We Don't Believe What's On TV
82%
Ode to Sleep
72%
Ruby
69%
My Blood
65%
Chlorine
63%
March to the Sea
56%
Addict with a Pen
53%
Screen
50%
Levitate
39%
Message Man
34%
Holding on to You
33%
Smithereens
24%
Can't Help Falling in Love
2%
No matching quizzes found
Score Distribution
Percent of People with Each Score
Percentile by Number Answered
Your Score History
You have not taken this quiz